Gender and nation building in the Middle East : (Record no. 22531)
[ view plain ]
| 000 -LEADER | |
|---|---|
| fixed length control field | 01148cam a22002895a 4500 |
| 001 - CONTROL NUMBER | |
| control field | 17190964 |
| 005 - DATE AND TIME OF LATEST TRANSACTION | |
| control field | 20161012130208.0 |
| 008 - FIXED-LENGTH DATA ELEMENTS--GENERAL INFORMATION | |
| fixed length control field | 120301s2012 enkeeea frb 001 0deng d |
| 020 ## - INTERNATIONAL STANDARD BOOK NUMBER | |
| International Standard Book Number | 9781848854819 (hbk.) |
| 040 ## - CATALOGING SOURCE | |
| Original cataloging agency | MEAUC |
| Transcribing agency | MEAUC |
| Modifying agency | YDXCP |
| -- | BDX |
| -- | DLC |
| -- | EG-ScBUE |
| Language of cataloging | eng |
| 043 ## - GEOGRAPHIC AREA CODE | |
| Geographic area code | aw----- |
| 082 04 - DEWEY DECIMAL CLASSIFICATION NUMBER | |
| Classification number | 362.10820956 |
| Edition number | 22 |
| Item number | YOU |
| 100 1# - MAIN ENTRY--PERSONAL NAME | |
| Personal name | Young, Elise G. |
| 9 (RLIN) | 41489 |
| 245 10 - TITLE STATEMENT | |
| Title | Gender and nation building in the Middle East : |
| Remainder of title | the political economy of health from Mandate Palestine to refugee camps in Jordan / |
| Statement of responsibility, etc | Elise G. Young. |
| 260 ## - PUBLICATION, DISTRIBUTION, ETC. (IMPRINT) | |
| Place of publication, distribution, etc | London ; |
| -- | New York : |
| Name of publisher, distributor, etc | I. B. Tauris, |
| Date of publication, distribution, etc | 2012. |
| 300 ## - PHYSICAL DESCRIPTION | |
| Extent | xi, 189 p. : |
| Other physical details | ill. ; |
| Dimensions | 23 cm. |
| 490 0# - Series Statement | |
| Series statement | Library of modern Middle East studies. |
| 500 ## - GENERAL NOTE | |
| General note | Index : p. [186]-189. |
| 504 ## - BIBLIOGRAPHY, ETC. NOTE | |
| Bibliography, etc | Bibliography : p. [168]-185. |
| 650 #7 - SUBJECT ADDED ENTRY--TOPICAL TERM | |
| Topical term or geographic name as entry element | Nation-building |
| Geographic subdivision | Middle East. |
| Source of heading or term | BUEsh |
| 9 (RLIN) | 41491 |
| 650 #7 - SUBJECT ADDED ENTRY--TOPICAL TERM | |
| Topical term or geographic name as entry element | Medical care |
| General subdivision | Political aspects |
| Geographic subdivision | Middle East. |
| Source of heading or term | BUEsh |
| 9 (RLIN) | 41492 |
| 650 #7 - SUBJECT ADDED ENTRY--TOPICAL TERM | |
| Topical term or geographic name as entry element | Women, Palestinian Arab |
| General subdivision | Medical care |
| Source of heading or term | BUEsh |
| 9 (RLIN) | 41494 |
| 650 #7 - SUBJECT ADDED ENTRY--TOPICAL TERM | |
| Topical term or geographic name as entry element | Medical policy |
| Geographic subdivision | Middle East. |
| Source of heading or term | BUEsh |
| 9 (RLIN) | 41495 |
| 651 #0 - SUBJECT ADDED ENTRY--GEOGRAPHIC NAME | |
| Geographic name | Palestine |
| General subdivision | History |
| Chronological subdivision | 1917-1948. |
| Source of heading or term | BUEsh |
| 9 (RLIN) | 10618 |
| 653 ## - INDEX TERM--UNCONTROLLED | |
| Resource For college | BAEPS, Political Science |
| Arrived date list | October2016 |
| 942 ## - ADDED ENTRY ELEMENTS (KOHA) | |
| Source of classification or shelving scheme | Dewey Decimal Classification |
| Withdrawn status | Item status | Source of classification or shelving scheme | Damaged status | Not for loan | Vendor | Home library | Current library | Shelving location | Date acquired | Source of acquisition | Cost, normal purchase price | Total Checkouts | Full call number | Barcode | Date last seen | Cost, replacement price | Koha item type |
|---|---|---|---|---|---|---|---|---|---|---|---|---|---|---|---|---|---|
| Dewey Decimal Classification | AUC | Central Library | Central Library | First floor | 12/10/2016 | Purchase | 120.00 | 362.10820956 YOU | 000034028 | 15/07/2025 | 150.00 | Book - Borrowing |